000
00333nam a2200145Ia 4500
003
OSt
008
191201s2006 xx 000 0 und d
082
_a
658.8
_b
RAM
100
_a
RAMPAL, M.K.
245
0
_a
Marketing Management
260
_a
N.Delhi
_b
Galgotia Publication
_c
2011
300
_a
369
650
_a
MBA
942
_2
ddc
_c
BK
999
_c
13035
_d
13035